[Event "Icelandic Team Championship 2021"]
[Site "Reykjavik"]
[Date "2021.10.03"]
[Round "5.8"]
[White "Bergsson, Stefan"]
[Black "Ptacnikova, Lenka"]
[Result "0-1"]
[WhiteElo "2147"]
[BlackElo "2127"]

1. e4 {[%clk 01:30:38]} {[%emt 00:00:21]} d5 {[%clk 01:30:49]} {[%emt
00:00:12]} 2. exd5 {[%clk 01:31:00]} {[%emt 00:00:07]} Qxd5 {[%clk 01:31:16]}
{[%emt 00:00:04]} 3. Nf3 {[%clk 01:31:21]} {[%emt 00:00:09]} Nf6 {[%clk
01:31:14]} {[%emt 00:00:32]} 4. Be2 {[%clk 01:29:59]} {[%emt 00:01:52]} c6
{[%clk 01:27:34]} {[%emt 00:04:11]} 5. d4 {[%clk 01:26:07]} {[%emt 00:04:21]}
g6 {[%clk 01:22:28]} {[%emt 00:05:37]} 6. O-O {[%clk 01:20:41]} {[%emt
00:05:55]} Bg7 {[%clk 01:22:31]} {[%emt 00:00:26]} 7. c4 {[%clk 01:18:35]}
{[%emt 00:02:36]} Qd8 {[%clk 01:20:36]} {[%emt 00:02:27]} 8. Nc3 {[%clk
01:17:02]} {[%emt 00:02:01]} O-O {[%clk 01:20:23]} {[%emt 00:00:43]} 9. Bf4
{[%clk 01:15:48]} {[%emt 00:01:43]} Nh5 {[%clk 01:12:40]} {[%emt 00:08:14]} 10.
Be3 {[%clk 01:13:12]} {[%emt 00:03:05]} Nd7 {[%clk 01:08:13]} {[%emt 00:04:58]}
11. Qd2 {[%clk 01:08:11]} {[%emt 00:05:30]} Re8 {[%clk 01:07:48]} {[%emt
00:00:56]} 12. Rad1 {[%clk 01:06:19]} {[%emt 00:02:21]} Nhf6 {[%clk 01:00:19]}
{[%emt 00:08:00]} 13. h3 {[%clk 01:03:46]} {[%emt 00:03:02]} Qa5 {[%clk
00:57:06]} {[%emt 00:03:43]} 14. a3 {[%clk 00:52:02]} {[%emt 00:12:14]} a6
{[%clk 00:56:54]} {[%emt 00:00:42]} 15. Bf4 {[%clk 00:50:08]} {[%emt 00:02:22]}
b5 {[%clk 00:55:19]} {[%emt 00:02:07]} 16. Rfe1 {[%clk 00:40:49]} {[%emt
00:09:49]} bxc4 {[%clk 00:53:05]} {[%emt 00:02:44]} 17. Bxc4 {[%clk 00:41:02]}
{[%emt 00:00:14]} e6 {[%clk 00:49:30]} {[%emt 00:04:06]} 18. Ba2 {[%clk
00:34:43]} {[%emt 00:06:49]} Bb7 {[%clk 00:46:18]} {[%emt 00:03:43]} 19. Bh6
{[%clk 00:30:33]} {[%emt 00:04:40]} Bh8 {[%clk 00:44:25]} {[%emt 00:02:23]} 20.
Qe2 {[%clk 00:27:49]} {[%emt 00:03:12]} Qh5 {[%clk 00:41:48]} {[%emt 00:03:09]}
21. Be3 {[%clk 00:25:38]} {[%emt 00:02:40]} Bg7 {[%clk 00:32:34]} {[%emt
00:09:44]} 22. Rc1 {[%clk 00:25:38]} {[%emt 00:00:30]} Nd5 {[%clk 00:30:42]}
{[%emt 00:02:22]} 23. Ne4 {[%clk 00:25:29]} {[%emt 00:00:39]} Nxe3 {[%clk
00:29:45]} {[%emt 00:01:27]} 24. fxe3 {[%clk 00:25:50]} {[%emt 00:00:08]} Bf8
{[%clk 00:29:20]} {[%emt 00:00:55]} 25. b4 {[%clk 00:13:41]} {[%emt 00:12:39]}
a5 {[%clk 00:27:16]} {[%emt 00:02:34]} 26. Nc5 {[%clk 00:13:22]} {[%emt
00:00:49]} Nxc5 {[%clk 00:25:59]} {[%emt 00:01:47]} 27. bxc5 {[%clk 00:13:51]}
{[%emt 00:00:01]} Ba6 {[%clk 00:25:28]} {[%emt 00:01:01]} 28. Bc4 {[%clk
00:13:54]} {[%emt 00:00:27]} Bxc4 {[%clk 00:25:19]} {[%emt 00:00:40]} 29. Qxc4
{[%clk 00:14:18]} {[%emt 00:00:06]} Qd5 {[%clk 00:15:28]} {[%emt 00:10:21]} 30.
Qa4 {[%clk 00:14:33]} {[%emt 00:00:15]} Bg7 {[%clk 00:14:06]} {[%emt 00:01:53]}
31. e4 {[%clk 00:12:08]} {[%emt 00:02:55]} Qd7 {[%clk 00:13:51]} {[%emt
00:00:44]} 32. Red1 {[%clk 00:12:21]} {[%emt 00:00:17]} Qc7 {[%clk 00:12:55]}
{[%emt 00:01:27]} 33. e5 {[%clk 00:09:15]} {[%emt 00:03:36]} Reb8 {[%clk
00:11:02]} {[%emt 00:02:23]} 34. Rb1 {[%clk 00:09:32]} {[%emt 00:00:13]} Bh6
{[%clk 00:10:39]} {[%emt 00:00:54]} 35. Kf2 {[%clk 00:09:53]} {[%emt 00:00:09]}
Kg7 {[%clk 00:10:10]} {[%emt 00:00:59]} 36. g4 {[%clk 00:10:02]} {[%emt
00:00:22]} Bf4 {[%clk 00:08:26]} {[%emt 00:02:13]} 37. d5 {[%clk 00:08:54]}
{[%emt 00:01:38]} Bxe5 {[%clk 00:06:05]} {[%emt 00:02:52]} 38. d6 {[%clk
00:09:00]} {[%emt 00:00:23]} Qa7 {[%clk 00:06:25]} {[%emt 00:00:10]} 39. Qc4
{[%clk 00:04:19]} {[%emt 00:05:11]} f6 {[%clk 00:05:02]} {[%emt 00:01:54]} 40.
g5 {[%clk 00:02:07]} {[%emt 00:02:41]} Rxb1 {[%clk 00:02:53]} {[%emt 00:02:39]}
41. Rxb1 {[%clk 00:02:30]} {[%emt 00:00:08]} Bxd6 {[%clk 00:02:58]} {[%emt
00:00:24]} 42. gxf6+ {[%clk 00:02:50]} {[%emt 00:00:10]} Kf8 {[%clk 00:02:16]}
{[%emt 00:01:12]} 43. Rb6 {[%clk 00:02:54]} {[%emt 00:00:26]} Bc7 {[%clk
00:00:59]} {[%emt 00:01:47]} 44. Rxc6 {[%clk 00:03:03]} {[%emt 00:00:21]} Qb7
{[%clk 00:00:38]} {[%emt 00:00:51]} 45. Rxe6 {[%clk 00:01:08]} {[%emt
00:02:24]} Qb2+ {[%clk 00:00:49]} {[%emt 00:00:20]} 46. Kg1 {[%clk 00:00:53]}
{[%emt 00:00:44]} Rd8 {[%clk 00:00:57]} {[%emt 00:00:22]} 47. Re2 {[%clk
00:00:53]} {[%emt 00:00:31]} Qxf6 {[%clk 00:00:57]} {[%emt 00:00:30]} 48. Rf2
{[%clk 00:00:57]} {[%emt 00:00:25]} Kg7 {[%clk 00:00:59]} {[%emt 00:00:29]} 49.
h4 {[%clk 00:01:02]} {[%emt 00:00:26]} Rd1+ {[%clk 00:01:03]} {[%emt 00:00:26]}
50. Kg2 {[%clk 00:01:22]} {[%emt 00:00:09]} Qa1 {[%clk 00:00:58]} {[%emt
00:00:35]} 51. Qe6 {[%clk 00:01:27]} {[%emt 00:00:26]} Bf4 {[%clk 00:00:48]}
{[%emt 00:00:40]} 52. Qe7+ {[%clk 00:01:15]} {[%emt 00:00:42]} Kg8 {[%clk
00:00:39]} {[%emt 00:00:39]} 53. c6 {[%emt 00:01:16]} Qc1 {[%clk 00:00:42]} 54.
Qe8+ {[%clk 00:00:59]} {[%emt 00:00:27]} Kg7 {[%clk 00:01:05]} {[%emt
00:00:07]} 55. Re2 {[%clk 00:00:55]} {[%emt 00:00:33]} Rh1 {[%clk 00:00:45]}
{[%emt 00:00:50]} 56. Qe7+ {[%clk 00:00:53]} {[%emt 00:00:32]} Kh6 {[%clk
00:00:46]} {[%emt 00:00:30]} 57. Rf2 {[%clk 00:00:35]} {[%emt 00:00:48]} Be3
{[%clk 00:00:36]} {[%emt 00:00:40]} 58. Re2 {[%clk 00:00:31]} {[%emt 00:00:34]}
Qf1+ {[%clk 00:00:55]} {[%emt 00:00:11]} 59. Kg3 {[%clk 00:01:00]} {[%emt
00:00:01]} Qh3# {[%clk 00:01:11]} {[%emt 00:00:14]} 0-1

[Event "Icelandic Team Championship 2021"]
[Site "Reykjavik"]
[Date "2021.10.03"]
[Round "5.9"]
[White "Stefansson, Vignir Vatnar"]
[Black "Hjartarson, Johann"]
[Result "1-0"]
[WhiteElo "2383"]
[BlackElo "2519"]

1. d4 {[%emt 00:03:25]} Nf6 {[%emt 00:02:20]} 2. c4 {[%clk 01:28:54]} {[%emt
00:00:36]} g6 {[%emt 00:04:30]} 3. Nc3 {[%emt 00:00:10]} Bg7 {[%emt 00:00:03]}
4. e4 {[%emt 00:00:05]} d6 {[%emt 00:00:11]} 5. Nf3 O-O {[%clk 01:28:36]}
{[%emt 00:00:06]} 6. Be2 {[%emt 00:00:14]} e5 {[%emt 00:00:04]} 7. Be3 {[%emt
00:09:35]} exd4 {[%emt 00:01:32]} 8. Nxd4 {[%clk 01:25:54]} {[%emt 00:00:06]}
Re8 {[%emt 00:00:34]} 9. f3 {[%emt 00:00:48]} Nc6 {[%emt 00:00:53]} 10. Qd2
{[%emt 00:00:49]} Nh5 {[%emt 00:05:22]} 11. Nxc6 {[%clk 01:17:09]} {[%emt
00:03:35]} bxc6 {[%clk 01:19:46]} {[%emt 00:00:05]} 12. O-O-O {[%clk 01:17:14]}
{[%emt 00:00:25]} f5 {[%clk 01:05:24]} {[%emt 00:14:52]} 13. c5 {[%clk
01:11:19]} {[%emt 00:06:25]} Be6 {[%clk 00:56:40]} {[%emt 00:09:14]} 14. exf5
{[%clk 01:04:37]} {[%emt 00:07:12]} gxf5 {[%clk 00:56:37]} {[%emt 00:00:32]} 15.
Bg5 {[%clk 01:04:14]} {[%emt 00:00:53]} Qb8 {[%clk 00:52:14]} {[%emt 00:04:54]}
16. cxd6 {[%clk 01:00:28]} {[%emt 00:04:17]} cxd6 {[%clk 00:50:32]} {[%emt
00:02:11]} 17. Qxd6 {[%clk 00:52:13]} {[%emt 00:08:45]} Qb6 {[%clk 00:48:45]}
{[%emt 00:02:17]} 18. Qd2 {[%clk 00:50:01]} {[%emt 00:02:42]} Rab8 {[%clk
00:48:43]} {[%emt 00:00:33]} 19. Bd3 {[%clk 00:47:22]} {[%emt 00:03:09]} Bxa2
{[%clk 00:45:38]} {[%emt 00:03:34]} 20. Rhe1 {[%clk 00:47:02]} {[%emt
00:00:51]} Rxe1 {[%clk 00:40:20]} {[%emt 00:05:48]} 21. Rxe1 {[%clk 00:46:42]}
{[%emt 00:00:50]} f4 {[%clk 00:39:35]} {[%emt 00:01:15]} 22. Nxa2 {[%clk
00:40:05]} {[%emt 00:07:07]} Qc5+ {[%clk 00:38:55]} {[%emt 00:02:49]} 23. Nc3
{[%clk 00:40:26]} {[%emt 00:00:10]} Qxg5 {[%clk 00:39:04]} {[%emt 00:00:19]} 24.
Bc4+ {[%clk 00:38:29]} {[%emt 00:02:27]} Kh8 {[%clk 00:39:26]} {[%emt
00:00:07]} 25. Qd6 {[%clk 00:34:24]} {[%emt 00:04:36]} Rf8 {[%clk 00:35:45]}
{[%emt 00:04:10]} 26. Re2 {[%clk 00:31:34]} {[%emt 00:03:21]} Qa5 {[%clk
00:34:55]} {[%emt 00:01:20]} 27. Kc2 {[%clk 00:30:30]} {[%emt 00:01:34]} Qb6
{[%clk 00:33:53]} {[%emt 00:01:32]} 28. Re6 {[%clk 00:24:47]} {[%emt 00:06:13]}
Qg1 {[%clk 00:32:22]} {[%emt 00:02:00]} 29. Qxc6 {[%clk 00:23:23]} {[%emt
00:01:55]} Qxh2 {[%clk 00:31:42]} {[%emt 00:01:10]} 30. Re2 {[%clk 00:22:49]}
{[%emt 00:01:04]} Qg1 {[%clk 00:30:39]} {[%emt 00:01:32]} 31. Qd7 {[%clk
00:21:35]} {[%emt 00:01:44]} Nf6 {[%clk 00:25:33]} {[%emt 00:05:36]} 32. Qc7
{[%clk 00:21:33]} {[%emt 00:00:31]} h6 {[%clk 00:17:29]} {[%emt 00:08:35]} 33.
Rd2 {[%clk 00:20:33]} {[%emt 00:01:30]} Nh7 {[%clk 00:16:08]} {[%emt 00:01:51]}
34. Ne4 {[%clk 00:18:25]} {[%emt 00:02:38]} Qa1 {[%clk 00:14:55]} {[%emt
00:01:43]} 35. Qb7 {[%clk 00:18:06]} {[%emt 00:00:50]} Qa4+ {[%clk 00:14:01]}
{[%emt 00:01:24]} 36. Bb3 {[%clk 00:17:48]} {[%emt 00:00:48]} Qa1 {[%clk
00:14:09]} {[%emt 00:00:21]} 37. Be6 {[%clk 00:17:03]} {[%emt 00:01:14]} Qa5
{[%clk 00:13:30]} {[%emt 00:01:09]} 38. Rd5 {[%clk 00:16:17]} {[%emt 00:01:16]}
Qa4+ {[%clk 00:13:07]} {[%emt 00:00:53]} 39. Kb1 {[%clk 00:16:15]} {[%emt
00:00:33]} Ng5 {[%clk 00:07:29]} {[%emt 00:06:07]} 40. Nxg5 {[%clk 00:14:55]}
{[%emt 00:01:51]} hxg5 {[%clk 00:07:57]} {[%emt 00:00:02]} 41. Rd7 {[%clk
00:14:34]} {[%emt 00:00:51]} Re8 {[%clk 00:07:25]} {[%emt 00:01:02]} 42. Qd5
{[%clk 00:10:43]} {[%emt 00:04:21]} Qa6 {[%clk 00:03:24]} {[%emt 00:04:32]} 43.
Rd6 {[%clk 00:04:05]} {[%emt 00:07:09]} Qf1+ {[%clk 00:03:29]} {[%emt
00:00:23]} 44. Ka2 {[%clk 00:04:33]} {[%emt 00:00:03]} Qxg2 {[%clk 00:02:35]}
{[%emt 00:01:24]} 45. Qb7 {[%clk 00:04:55]} {[%emt 00:00:08]} Qc2 {[%clk
00:02:08]} {[%emt 00:00:57]} 46. Qb5 {[%clk 00:03:55]} {[%emt 00:01:31]} Rf8
{[%clk 00:02:04]} {[%emt 00:00:33]} 47. Rd7 {[%clk 00:03:07]} {[%emt 00:01:18]}
a6 {[%clk 00:02:01]} {[%emt 00:00:34]} 48. Qb4 {[%clk 00:02:54]} {[%emt
00:00:39]} a5 {[%clk 00:01:36]} {[%emt 00:00:59]} 49. Qb5 {[%clk 00:03:11]}
{[%emt 00:00:12]} Qg6 {[%clk 00:01:29]} {[%emt 00:00:37]} 50. Bc4 {[%clk
00:03:17]} {[%emt 00:00:25]} Qf5 {[%clk 00:01:18]} {[%emt 00:00:41]} 51. Rd5
{[%clk 00:03:14]} {[%emt 00:00:33]} Qf6 {[%clk 00:01:20]} {[%emt 00:00:27]} 52.
Rxg5 {[%clk 00:03:04]} {[%emt 00:00:41]} a4 {[%clk 00:00:59]} {[%emt 00:00:51]}
53. Rh5+ {[%clk 00:02:38]} {[%emt 00:00:55]} Bh6 {[%clk 00:01:28]} {[%emt
00:00:02]} 54. Rh2 {[%clk 00:02:45]} {[%emt 00:00:23]} Rc8 {[%clk 00:01:30]}
{[%emt 00:00:28]} 55. Bd5 {[%clk 00:02:19]} {[%emt 00:00:56]} Qd6 {[%clk
00:01:41]} {[%emt 00:00:19]} 56. Re2 {[%clk 00:02:03]} {[%emt 00:00:46]} Kg7
{[%clk 00:01:31]} {[%emt 00:00:39]} 57. Re6 {[%clk 00:02:02]} {[%emt 00:00:31]}
Rb8 {[%clk 00:01:27]} {[%emt 00:00:35]} 58. Qd3 {[%clk 00:01:59]} {[%emt
00:00:30]} 1-0

[Event "Icelandic Team Championship 2021"]
[Site "Reykjavik"]
[Date "2021.10.03"]
[Round "5.10"]
[White "Thorfinnsson, Bjorn"]
[Black "Jonsson, Bjorgvin"]
[Result "1-0"]
[WhiteElo "2386"]
[BlackElo "2337"]

1. d4 {[%clk 01:30:48]} {[%emt 00:00:02]} Nf6 {[%clk 01:30:55]} {[%emt
00:00:15]} 2. Nf3 {[%clk 01:30:50]} {[%emt 00:00:27]} e6 {[%clk 01:29:30]}
{[%emt 00:01:56]} 3. Bg5 {[%clk 01:31:07]} {[%emt 00:00:13]} Be7 {[%clk
01:29:03]} {[%emt 00:01:03]} 4. e3 {[%clk 01:31:25]} {[%emt 00:00:07]} b6
{[%clk 01:28:37]} {[%emt 00:00:54]} 5. Bd3 {[%clk 01:27:46]} {[%emt 00:04:11]}
Bb7 {[%clk 01:28:36]} {[%emt 00:00:31]} 6. Nbd2 {[%clk 01:27:59]} {[%emt
00:00:17]} c5 {[%clk 01:21:27]} {[%emt 00:07:38]} 7. c3 {[%clk 01:27:31]}
{[%emt 00:00:58]} h6 {[%clk 01:19:46]} {[%emt 00:02:11]} 8. Bh4 {[%clk
01:27:52]} {[%emt 00:00:09]} O-O {[%clk 01:18:39]} {[%emt 00:01:36]} 9. O-O
{[%clk 01:27:57]} {[%emt 00:00:26]} d6 {[%clk 01:13:53]} {[%emt 00:05:17]} 10.
a4 {[%clk 01:27:50]} {[%emt 00:00:37]} cxd4 {[%clk 01:12:01]} {[%emt 00:02:22]}
11. exd4 {[%clk 01:28:12]} {[%emt 00:00:07]} Nbd7 {[%clk 01:11:18]} {[%emt
00:01:11]} 12. a5 {[%clk 01:28:18]} {[%emt 00:00:25]} bxa5 {[%clk 01:03:50]}
{[%emt 00:07:58]} 13. Qa4 {[%clk 01:25:03]} {[%emt 00:03:45]} Nb6 {[%clk
00:59:56]} {[%emt 00:04:23]} 14. Qxa5 {[%clk 01:23:56]} {[%emt 00:01:38]} Qc7
{[%clk 00:59:15]} {[%emt 00:01:11]} 15. Bg3 {[%clk 01:23:39]} {[%emt 00:00:47]}
Rfc8 {[%clk 00:57:24]} {[%emt 00:02:20]} 16. c4 {[%clk 01:21:16]} {[%emt
00:02:54]} Qd8 {[%clk 00:51:33]} {[%emt 00:06:20]} 17. Rfc1 {[%clk 01:14:19]}
{[%emt 00:07:27]} Qf8 {[%clk 00:49:51]} {[%emt 00:02:12]} 18. b4 {[%clk
01:13:18]} {[%emt 00:01:32]} Bd8 {[%clk 00:47:05]} {[%emt 00:03:15]} 19. c5
{[%clk 01:10:29]} {[%emt 00:03:20]} Nbd5 {[%clk 00:37:29]} {[%emt 00:10:06]} 20.
Qa4 {[%clk 01:09:44]} {[%emt 00:01:16]} dxc5 {[%clk 00:36:40]} {[%emt
00:01:18]} 21. dxc5 {[%clk 01:09:24]} {[%emt 00:00:50]} Bc6 {[%clk 00:28:11]}
{[%emt 00:08:59]} 22. b5 {[%clk 01:07:29]} {[%emt 00:02:25]} Be8 {[%clk
00:28:19]} {[%emt 00:00:22]} 23. Bd6 {[%clk 01:01:55]} {[%emt 00:06:04]} Be7
{[%clk 00:28:33]} {[%emt 00:00:16]} 24. Nc4 {[%clk 01:01:01]} {[%emt 00:01:24]}
Rxc5 {[%clk 00:26:12]} {[%emt 00:02:50]} 25. Bxc5 {[%clk 01:00:52]} {[%emt
00:00:39]} Bxc5 {[%emt 00:00:42]} 26. Nce5 {[%clk 01:00:47]} Qd6 {[%clk
00:24:43]} {[%emt 00:02:22]} 27. Qa6 {[%clk 01:00:12]} {[%emt 00:01:05]} Bb6
{[%clk 00:21:50]} {[%emt 00:03:23]} 28. Nc4 {[%clk 00:57:13]} {[%emt 00:03:29]}
Qb8 {[%clk 00:18:12]} {[%emt 00:04:08]} 29. Nxb6 {[%clk 00:56:20]} {[%emt
00:01:24]} Nxb6 {[%clk 00:18:38]} {[%emt 00:00:04]} 30. h3 {[%clk 00:55:25]}
{[%emt 00:01:26]} Nbd5 {[%clk 00:15:57]} {[%emt 00:03:10]} 31. Bf1 {[%clk
00:46:33]} {[%emt 00:09:22]} e5 {[%clk 00:09:01]} {[%emt 00:07:26]} 32. Re1
{[%clk 00:44:19]} {[%emt 00:02:44]} e4 {[%clk 00:07:01]} {[%emt 00:02:30]} 33.
Nd4 {[%clk 00:44:23]} {[%emt 00:00:25]} Nc7 {[%clk 00:05:15]} {[%emt 00:02:16]}
34. Qa5 {[%clk 00:44:22]} {[%emt 00:00:31]} Qb7 {[%clk 00:04:59]} {[%emt
00:00:46]} 35. Rec1 {[%clk 00:43:10]} {[%emt 00:01:42]} Ncd5 {[%clk 00:04:31]}
{[%emt 00:00:59]} 36. Qa6 {[%clk 00:40:55]} {[%emt 00:02:45]} Qb8 {[%clk
00:04:02]} {[%emt 00:00:59]} 37. Nc6 {[%clk 00:39:15]} {[%emt 00:02:10]} Qf4
{[%clk 00:03:25]} {[%emt 00:01:07]} 38. Qb7 {[%clk 00:38:59]} {[%emt 00:00:46]}
e3 {[%clk 00:02:22]} {[%emt 00:01:33]} 39. Qxa8 {[%clk 00:37:26]} {[%emt
00:02:02]} Qxf2+ {[%clk 00:00:44]} {[%emt 00:02:09]} 40. Kh1 {[%clk 00:37:49]}
{[%emt 00:00:07]} Nf4 {[%clk 00:00:47]} {[%emt 00:00:28]} 41. Ne7+ {[%clk
00:36:45]} {[%emt 00:01:33]} Kf8 {[%clk 00:00:50]} {[%emt 00:00:27]} 42. Qf3
{[%clk 00:36:57]} {[%emt 00:00:18]} Qxf3 {[%clk 00:00:40]} {[%emt 00:00:40]} 43.
gxf3 {[%clk 00:37:22]} {[%emt 00:00:04]} Kxe7 {[%clk 00:01:03]} {[%emt
00:00:07]} 44. Rxa7+ {[%clk 00:37:43]} {[%emt 00:00:08]} Kd6 {[%clk 00:01:23]}
{[%emt 00:00:10]} 45. b6 {[%clk 00:37:57]} {[%emt 00:00:17]} Bc6 {[%clk
00:01:26]} {[%emt 00:00:26]} 46. Rxf7 {[%clk 00:37:14]} {[%emt 00:01:14]} Bxf3+
{[%clk 00:01:37]} {[%emt 00:00:19]} 47. Kh2 {[%clk 00:37:28]} {[%emt 00:00:16]}
e2 {[%clk 00:01:52]} {[%emt 00:00:14]} 48. Bxe2 {[%clk 00:37:00]} {[%emt
00:00:58]} Nxe2 {[%clk 00:02:18]} {[%emt 00:00:04]} 49. Rf1 {[%clk 00:35:55]}
{[%emt 00:01:35]} Bc6 {[%clk 00:01:43]} {[%emt 00:01:05]} 50. Rxg7 {[%clk
00:35:47]} {[%emt 00:00:39]} Nd5 {[%clk 00:00:50]} {[%emt 00:01:22]} 51. b7
{[%clk 00:35:07]} {[%emt 00:01:10]} Bxb7 {[%clk 00:01:16]} {[%emt 00:00:04]} 52.
Rxb7 {[%clk 00:35:33]} {[%emt 00:00:04]} Nef4 {[%clk 00:01:28]} {[%emt
00:00:18]} 53. Rxf4 {[%clk 00:33:33]} {[%emt 00:02:31]} Nxf4 {[%clk 00:01:52]}
{[%emt 00:00:05]} 54. Rb6+ {[%clk 00:33:58]} {[%emt 00:00:05]} Ke5 {[%clk
00:01:49]} {[%emt 00:00:33]} 55. Rxh6 {[%clk 00:34:22]} {[%emt 00:00:06]} Kf5
{[%clk 00:02:14]} {[%emt 00:00:05]} 56. Ra6 {[%clk 00:34:43]} {[%emt 00:00:09]}
Kg5 {[%clk 00:02:03]} {[%emt 00:00:42]} 57. Ra5+ {[%clk 00:34:35]} {[%emt
00:00:39]} Kh4 {[%clk 00:01:58]} {[%emt 00:00:35]} 58. Ra4 {[%clk 00:34:30]}
{[%emt 00:00:35]} Kg5 {[%clk 00:02:21]} {[%emt 00:00:06]} 59. Kg3 {[%clk
00:34:52]} {[%emt 00:00:06]} Ne2+ {[%clk 00:01:57]} {[%emt 00:00:57]} 60. Kf3
{[%clk 00:35:14]} {[%emt 00:00:07]} Ng1+ {[%clk 00:02:19]} {[%emt 00:00:10]} 61.
Kf2 {[%clk 00:35:27]} {[%emt 00:00:17]} Nxh3+ {[%clk 00:02:11]} {[%emt
00:00:39]} 62. Kg3 {[%clk 00:35:51]} {[%emt 00:00:04]} Ng1 {[%clk 00:02:36]}
{[%emt 00:00:05]} 63. Re4 {[%clk 00:36:10]} {[%emt 00:00:11]} 1-0

[Event "Icelandic Team Championship 2021"]
[Site "Reykjavik"]
[Date "2021.10.03"]
[Round "5.11"]
[White "Jensson, Einar Hjalti"]
[Black "Kjartansson, David"]
[Result "1-0"]
[WhiteElo "2316"]
[BlackElo "2326"]

1. d4 {[%emt 00:00:11]} d6 {[%clk 01:30:38]} {[%emt 00:00:15]} 2. Nf3 {[%clk
01:31:23]} {[%emt 00:00:04]} Nf6 {[%clk 01:30:37]} {[%emt 00:00:30]} 3. c4
{[%clk 01:31:49]} {[%emt 00:00:04]} g6 {[%clk 01:29:43]} {[%emt 00:01:23]} 4.
g3 {[%emt 00:00:16]} Bg7 {[%clk 01:29:55]} {[%emt 00:00:11]} 5. Bg2 {[%emt
00:00:13]} O-O {[%clk 01:30:15]} {[%emt 00:00:02]} 6. O-O {[%emt 00:03:23]} Bf5
{[%clk 01:26:54]} {[%emt 00:00:31]} 7. Nh4 {[%emt 00:06:40]} Be4 {[%clk
01:21:17]} {[%emt 00:03:42]} 8. f3 {[%clk 01:29:21]} {[%emt 00:00:26]} Bxb1
{[%clk 01:19:47]} {[%emt 00:01:59]} 9. Rxb1 {[%clk 01:29:48]} {[%emt 00:00:04]}
c6 {[%emt 00:10:41]} 10. e4 {[%clk 01:27:06]} {[%emt 00:01:02]} Qa5 {[%clk
01:08:42]} {[%emt 00:03:34]} 11. a3 {[%clk 01:25:19]} {[%emt 00:02:18]} Qa6
{[%clk 01:08:08]} {[%emt 00:01:03]} 12. Qc2 {[%clk 01:17:34]} {[%emt 00:08:15]}
Nfd7 {[%clk 01:07:05]} {[%emt 00:01:32]} 13. Rd1 {[%clk 01:14:02]} {[%emt
00:04:03]} c5 {[%clk 01:04:40]} {[%emt 00:02:54]} 14. d5 {[%clk 01:07:06]}
{[%emt 00:07:28]} b5 {[%clk 00:58:13]} {[%emt 00:06:57]} 15. cxb5 {[%clk
01:01:09]} {[%emt 00:06:28]} Qxb5 {[%clk 00:58:36]} {[%emt 00:00:07]} 16. Bf1
{[%clk 01:01:13]} {[%emt 00:00:26]} Qb7 {[%clk 00:56:29]} {[%emt 00:02:36]} 17.
b4 {[%clk 01:00:06]} {[%emt 00:01:37]} Qc8 {[%clk 00:42:06]} {[%emt 00:14:52]}
18. b5 {[%clk 00:36:36]} {[%emt 00:24:01]} Qc7 {[%clk 00:34:39]} {[%emt
00:07:56]} 19. Bd2 {[%clk 00:32:35]} {[%emt 00:04:31]} Rc8 {[%clk 00:31:59]}
{[%emt 00:03:10]} 20. Rdc1 {[%clk 00:28:16]} {[%emt 00:04:49]} Bd4+ {[%clk
00:26:40]} {[%emt 00:05:49]} 21. Kh1 {[%clk 00:28:00]} {[%emt 00:00:47]} Qd8
{[%clk 00:26:24]} {[%emt 00:00:45]} 22. f4 {[%clk 00:27:39]} {[%emt 00:00:51]}
c4 {[%clk 00:21:23]} {[%emt 00:05:31]} 23. Bxc4 {[%clk 00:26:12]} {[%emt
00:01:57]} Nf6 {[%clk 00:20:33]} {[%emt 00:01:20]} 24. Qd3 {[%clk 00:24:23]}
{[%emt 00:02:19]} Bb6 {[%clk 00:20:16]} {[%emt 00:00:46]} 25. e5 {[%clk
00:22:09]} {[%emt 00:02:45]} Ng4 {[%clk 00:19:43]} {[%emt 00:01:03]} 26. Qe2
{[%clk 00:22:05]} {[%emt 00:00:34]} Nf2+ {[%clk 00:15:48]} {[%emt 00:04:24]} 27.
Kg2 {[%clk 00:21:49]} {[%emt 00:00:47]} dxe5 {[%clk 00:14:30]} {[%emt
00:01:48]} 28. fxe5 {[%clk 00:20:22]} {[%emt 00:01:58]} Nd7 {[%clk 00:10:30]}
{[%emt 00:04:29]} 29. Be1 {[%clk 00:16:10]} {[%emt 00:04:42]} Nxe5 {[%clk
00:08:51]} {[%emt 00:02:09]} 30. Qxe5 {[%clk 00:16:24]} {[%emt 00:00:16]} Ng4
{[%clk 00:09:13]} {[%emt 00:00:07]} 31. Qe4 {[%clk 00:16:31]} {[%emt 00:00:24]}
Ne3+ {[%clk 00:09:05]} {[%emt 00:00:37]} 32. Kh1 {[%clk 00:16:37]} {[%emt
00:00:25]} Qd6 {[%clk 00:08:48]} {[%emt 00:00:46]} 33. Bb4 {[%clk 00:14:31]}
{[%emt 00:02:37]} Qf6 {[%clk 00:08:43]} {[%emt 00:00:35]} 34. Ng2 {[%clk
00:13:44]} {[%emt 00:01:17]} Nf5 {[%clk 00:07:23]} {[%emt 00:01:50]} 35. Be2
{[%clk 00:13:26]} {[%emt 00:00:48]} Rxc1+ {[%clk 00:06:46]} {[%emt 00:01:07]}
36. Rxc1 {[%clk 00:13:55]} Rd8 {[%clk 00:05:40]} {[%emt 00:01:36]} 37. Nf4
{[%clk 00:10:21]} {[%emt 00:04:05]} Qg5 {[%clk 00:05:17]} {[%emt 00:00:53]} 38.
Be1 {[%clk 00:08:52]} {[%emt 00:01:59]} Nd6 {[%clk 00:05:04]} {[%emt 00:00:42]}
39. Qf3 {[%clk 00:08:30]} {[%emt 00:00:52]} e5 {[%clk 00:03:00]} {[%emt
00:02:34]} 40. dxe6 {[%clk 00:08:52]} {[%emt 00:00:09]} fxe6 {[%clk 00:03:25]}
{[%emt 00:00:05]} 41. Rd1 {[%clk 00:08:38]} {[%emt 00:00:44]} e5 {[%clk
00:03:43]} {[%emt 00:00:11]} 42. Ne6 {[%clk 00:08:45]} {[%emt 00:00:23]} 1-0